000 01309nam a22002657a 4500
005 20120112143825.0
008 120112t xxu||||| |||| 00| 0 mar d
010 _aMAR-21871
020 _c320.00
_a9788184983166
035 _aMR-14529
037 _bDBAD/PUB
040 _aDPL
_bMR
082 _a823
100 _aचान्स,मेगन
_939079
245 _aद स्पिरिच्युअँलिस्ट /
_cमेगन चान्स ; मुकुंद कुर्लेकर द्वारा अनुवादित
246 _aThe Spiritualist
_bby Megan Chance
260 _aपुणे
_bमेहता पब्लिशिंग हाऊस
_c2012
270 _a1941,सदाशिव पेठ,
_bपुणे
_e411030
300 _a312पृ.
_c21सेमी(अजिल्द)
650 _aअंग्रेजी कादंबरी
_939704
_xमराठी भाषा में अनुवादित
650 _aEnglish Fiction
_939705
_xTranslated into Marathi
700 _aकुर्लेकर,मुकुंद
_939716
942 _2ddc
_cMR
_mचान्समे
_h823
999 _c61217
_d61217